ARRUPE JESUIT UNIVERSITY

CORONAVIRUS -STOP THE SPREAD - CLEAN,DISINFECT,COVER

The bishop and other stories (Record no. 118584)

MARC details
000 -LEADER
fixed length control field 01274cam a2200337 a 4500
001 - CONTROL NUMBER
control field 3401394
003 - CONTROL NUMBER IDENTIFIER
control field ARRUPE
005 - DATE AND TIME OF LATEST TRANSACTION
control field 20131107173441.0
007 - PHYSICAL DESCRIPTION FIXED FIELD--GENERAL INFORMATION
fixed length control field hd afa009bacp
007 - PHYSICAL DESCRIPTION FIXED FIELD--GENERAL INFORMATION
fixed length control field hd bfa009baap
007 - PHYSICAL DESCRIPTION FIXED FIELD--GENERAL INFORMATION
fixed length control field hd bfa009babp
008 - FIXED-LENGTH DATA ELEMENTS--GENERAL INFORMATION
fixed length control field 021125s1919 enk a 000 1 eng d
035 ## - SYSTEM CONTROL NUMBER
System control number (OCoLC)ocm51063056
035 ## - SYSTEM CONTROL NUMBER
System control number (NNC)3401394
037 ## - SOURCE OF ACQUISITION
Stock number (NNC)MN2002-10161-2
Source of stock number/acquisition ZCU
040 ## - CATALOGING SOURCE
Original cataloging agency ZCU
Transcribing agency PR@
Modifying agency ZCU
041 1# - LANGUAGE CODE
Language code of text/sound track or separate title eng
Language code of original and/or intermediate translations of text rus
099 ## - LOCAL FREE-TEXT CALL NUMBER (OCLC)
Classification number F
-- h745
300 ## - PHYSICAL DESCRIPTION
Dimensions 20 cm.
100 1# - MAIN ENTRY--PERSONAL NAME
Personal name Chekhov, Anton Pavlovich,
Dates associated with a name 1860-1904.
9 (RLIN) 3502
245 14 - TITLE STATEMENT
Title The bishop and other stories
Medium [microform] /
Statement of responsibility, etc by Anton Tchehov ; from the Russian by Constance Garnett.
260 ## - PUBLICATION, DISTRIBUTION, ETC. (IMPRINT)
Place of publication, distribution, etc New York :
Name of publisher, distributor, etc Macmillan Co.,
Date of publication, distribution, etc 1919.
300 ## - PHYSICAL DESCRIPTION
Extent 302 p. ;
490 1# - SERIES STATEMENT
Series statement The tales of Tchehov ;
Volume number/sequential designation v. 7
505 0# - FORMATTED CONTENTS NOTE
Formatted contents note The bishop -- The letter -- Easter eve -- A nightmare -- The murder -- Uprooted -- The steppe.
533 ## - REPRODUCTION NOTE
Type of reproduction Microfilm.
Place of reproduction New York, N.Y. :
Agency responsible for reproduction Columbia University Libraries,
Date of reproduction 2003.
Physical description of reproduction 1 microfilm reel ; 35 mm.
Note about reproduction Master negative: 2002-10161-2.
-- No. 2 on a reel of 5 titles.
700 1# - ADDED ENTRY--PERSONAL NAME
Personal name Garnett, Constance,
Dates associated with a name 1861-1946.
9 (RLIN) 3503
776 1# - ADDITIONAL PHYSICAL FORM ENTRY
Qualifying information Original
Record control number (DLC) 19-14232
800 1# - SERIES ADDED ENTRY--PERSONAL NAME
Personal name Chekhov, Anton Pavlovich,
Dates associated with a name 1860-1904.
Title of a work Short stories.
Language of a work English (New York)
9 (RLIN) 3504
942 ## - ADDED ENTRY ELEMENTS (KOHA)
Source of classification or shelving scheme Library of Congress Classification
Koha item type Monograph ( Printed materials)
Holdings
Withdrawn status Lost status Source of classification or shelving scheme Damaged status Not for loan Home library Current library Date acquired Total Checkouts Full call number Barcode Date last seen Price effective from Koha item type
    Library of Congress Classification     ARRUPE LIBRARY ARRUPE LIBRARY 07/11/2013   PG3456.B5 1919 46410199 07/11/2013 07/11/2013 Monograph ( Printed materials)

 

Arrupe Library. PO Box MP320 Mt Pleasant, Harare, Zimbabwe
263 242 745411|librarian@aju.ac.zw